00457 a2200157 4500020001500000024001800015082001000033100003900043245006900082250001200151260005300163300000800216500001400224505002200238600003900260 a8177581066 a9788177581065 a338.5 aJehle, Geoffrey A.; Reny Philip J. aAdvanced Microeconomic TheorycGeoffrey A. JehlehPhilip J. Reny a2nd Ed. aNew Delhli, IndiabPearson Education, Inc.c2008 a543 apaperback tGeoffrey A. Jehle aGeoffrey A. Jehle, Philip, J. Reny